zpět

Detail výsledku týmu

U Boudů - Kolovraty, Praha

Datum a čas kvízu

43 Celkem bodů Celkový počet nahraných bodů na tomto kvízu bez doplňovacích otázek.
1. Pořadí na kvízu Konečné umístění týmu na tomto kvízu.

Zaznamenané odpovědi

# Otázka Odpověď Body Výsledky
1. Jeden muž dostal nabídku k náv... Miroslav Kalousek 1
2. Jeden z vystupujících v opeře... spadly mu kalhoty 1
3. V sobotu se v Liverpoolu konal... Vesna 1
4. Poslední dny se diskutuje o ch... CBD (též HHC) 1
5. Který hráč proměnil v závěru d... Ladislav Krejčí 0
6. V tomto tématu jsme se probral... bod: D – v hospodě, půlbod: B – na stadionu 0
7. Co na člověku prozradí, že ho... bod: A – zčervená, půlbod: D – má erekci 1
8. Který tanec je sexy? A – lamb... bod: B – tango, půlbod: A – lambada 1
9. Co si berete do postele, když... bod: C – pes, půlbod: D – dítě 1
10. Z jakého důvodu sáhnete po alk... bod: C – oslava, půlbod: B – stres 1